000 00616nam a22001937a 4500
005 20260515120609.0
010 _aENG-148499
020 _a9789393757951
_c350.00
035 _aEN-132031
037 _bDBAD
082 _aS
100 _aDidolkar, Mayur
_989109
245 _aThe Storyteller /
_cMayur Didolkar
250 _a1st
260 _aPune, Maharashtra
_bVishwakarma Publications
_c2023
270 _a34A/1, Suyog Center, 7th Floor, Gultekadi Marketyard Road, Giridhar Bhavan Chowk,
_bPune, Maharashtra
_e411037
_k9168682200
_minfo@vpindia.co.in
300 _a233p.
_c22cm(pbk)
942 _2ddc
_cEN
_hS
_mDUD
999 _c216212
_d216212